00407nam a2200169 a 450000100060000000300090000600800410001504000280005608200160008410000180010024500320011825000060015026000300015630000100018665000180019665000230021412401CO-ViMGA141112s2004 ck r 000 u spa d aCO-ViMGAbspacCO-ViMGA04a624.15 P32i1 aPeck, Ralph B10aIngenieria de Cimentaciones a2 aMexico : bLimusa, c1988 a557p.14aCIMENTACIONES14aMECANICA DE SUELOS